| 000 | 00546nam a2200217Ia 4500 | ||
|---|---|---|---|
| 003 | OSt | ||
| 005 | 20250424145600.0 | ||
| 008 | 210423s2008 xx 000 0 und d | ||
| 020 | _a1403911045 | ||
| 040 | _cAL | ||
| 041 | _aeng | ||
| 082 |
_a519.5 _223 _bHOOS |
||
| 100 |
_aHOODA (R P). _943274 |
||
| 245 | _aStatistics for business and economics. | ||
| 250 | _a3 | ||
| 260 |
_aNew Delhi _bMacmillan India Ltd _c2008 |
||
| 300 |
_axxvii,855 _bPB |
||
| 365 |
_b380 _cINR |
||
| 906 | _abusiness ; economics. ; Statistics | ||
| 942 |
_2ddc _cBK |
||
| 999 |
_c156567 _d156567 |
||